Urban hydrology, hydraulics, and stormwater quality: engineering applications and computer modeling

Saved in:
Bibliografiske detaljer
Main Authors: Akan, A. Osman (Author), Houghtalen, Robert J (Author)
Format: Bog
Sprog:engelsk
Udgivet: Hoboken John Wiley and Sons 2003
Serier:Civil Engineering-Hydrology
Fag:
Tags: Tilføj Tag
Ingen Tags, Vær først til at tagge denne postø!

MARC

LEADER 00000nam a2200000 a 4500
001 UCG4090
003 CL-VaPUC
008 101007e20030000us |||||||||||||||||eng|d
020 |a 0471431583 
082 0 4 |a 628.215  |b AKA  |2 21 
100 0 |a Akan, A. Osman  |e author  |9 553409 
700 0 |a Houghtalen, Robert J  |e author  |9 553410 
245 1 0 |a Urban hydrology, hydraulics, and stormwater quality: engineering applications and computer modeling 
300 |a 373 p 
942 |c BK 
945 |d 20101007 00:00:00  |a mfarfan 
260 |a Hoboken  |b John Wiley and Sons  |c 2003 
650 0 |a Calidad del agua   |9 261394 
650 0 |a Hidrología  |9 261396 
583 |a last modification  |c 20171116 02:26:24  |k Rodrigo Vera 
490 0 |a Civil Engineering-Hydrology 
999 |c 342961  |d 342959 
952 |0 0  |1 0  |4 0  |6 628_215000000000000_AKA_2003  |7 0  |8 A  |9 439721  |a BIBING  |b BIBING  |d 2019-11-22  |i 4724593  |o 628.215 AKA 2003  |p 4724593  |r 2025-01-20  |w 2019-11-22  |y BK  |k CCL